Normal view
MARC view
- Ullah Nimat
Entry Personal Name
001 - CONTROL NUMBER
- control field: 124219
003 - CONTROL NUMBER IDENTIFIER
- control field: NUST
005 - DATE AND TIME OF LATEST TRANSACTION
- control field: 20240709110631.0
008 - FIXED-LENGTH DATA ELEMENTS
- fixed length control field: 240709|| aca||aabn | a|a d
040 ## - CATALOGING SOURCE
- Original cataloging agency: NUST
- Transcribing agency: NUST
100 ## - HEADING--PERSONAL NAME
- Personal name: Ullah Nimat
670 ## - SOURCE DATA FOUND
- Source citation: Work cat.: (NUST): Ullah Nimat , Genomic Investigation of Methicillin-Resistant Staphylococcus aureus Isolates from Pakistan and Development of Multi epitope Vaccine/
